000 00564nam a2200193Ia 4500
005 20250508154018.0
008 008 250505s9999 xx 000 0 eng d
037 _aTextual
040 _aFEDL
_beng
_cFEDL
041 _aeng
_2eng
084 _a311, DAW
_qFEDL
100 _aDawson Shepherd
_9764856
245 0 _aIntroduction to the computation of statistics
260 _aLondon, UK
_bUniversity of London Press Limited
_c1933
300 _a192p
546 _aWith forty - two diagrams
942 _cTEXL
_h311, DAW
999 _c1347022
_d1347022